Culture Générale - Série 917 - Statistiques

Statistiques générales
  • Ce quiz a été pris 123 fois
  • Le résultat moyen est 8 sur 10
Statistiques - réponses
Question Réponse % Correct
De quel animal de boucherie provient la bavette d'aloyau ? boeuf
95%
De quelle ville la baïonnette tiendrait-elle son nom ? Bayonne
93%
Quel métal malléable, de numéro atomique 26, peut être “forgé” ? fer
91%
Aulx" est le pluriel d'un mot désignant une plante à bulbe. Laquelle ? ail
89%
Complétez les paroles de la habanera, de l'opéra "Carmen" de Georges Bizet : "L'amour est enfant de... Bohème
87%
Dans quelle ville espagnole s'est tenue l'Exposition universelle de 1992 ? Séville
79%
Quel était le nom de scène de l'acteur et chanteur André Raimbourg ? Bourvil
69%
Quelle était la nationalité de Samuel Beckett ? Irlandaise
57%
À quel dessinateur et scénariste doit-on le personnage de Gaston Lagaffe ? André Franquin
46%
Avec quelle ancienne championne de tennis Andre Agassi est-il marié ? Steffi Graf
44%
Aucun quiz correspondant
Distribution des résultats
% des personnes avec chaque résultat
Percentile par nombre de réponses
Votre historique - résultats
Vous n’avez pas pris ce quiz